Introduction: sexual economies and new regimes of governance /
Kaydedildi:
| Yazar: | |
|---|---|
| Materyal Türü: | Metin |
| Etiketler: |
Etiketle
Etiket eklenmemiş, İlk siz ekleyin!
|
MARC
| LEADER | 00000 a a2200000 04500 | ||
|---|---|---|---|
| 001 | 47396 | ||
| 003 | |||
| 040 | |||
| 100 | |a Bernstein, Elizabeth | ||
| 245 | |a Introduction: |b sexual economies and new regimes of governance / |c Elizabeth Bernstein | ||
| 773 | |a volumen21, número3, (2014), páginas 345-354 | ||
| 999 | |c 24204 |d 24204 | ||
